| 000 | 01021nam a2200349 a 4500 | ||
|---|---|---|---|
| 003 | AR-BaBNM | ||
| 005 | 20251128204953.0 | ||
| 008 | 082120s2002 ||||||||||||||000 | spa|| | ||
| 020 | _a84-7434-837-4 | ||
| 040 | _cAR-BaBNM | ||
| 100 | 1 | _aLayard, Richard | |
| 245 | 0 | 0 |
_aEl paro _blos resultados macroeconómicos y el mercado de trabajo |
| 260 |
_aMadrid _bMinisterio de Trabajo y Seguridad Social de España _c1994 |
||
| 300 |
_a739 p. _bgráfs., tablas |
||
| 490 | 0 |
_aEconomía y sociología del trabajo _vv. 70 |
|
| 500 | _aContiene referencias bibliográficas en p. 683 | ||
| 500 | _aIndice de autores en p. 711 | ||
| 500 | _aIndice analítico en p. 717 | ||
| 650 | 4 | _aECONOMIA DEL TRABAJO | |
| 650 | 4 | _aMACROECONOMIA | |
| 650 | 4 | _aMICROECONOMIA | |
| 650 | 4 | _aSOCIOLOGIA | |
| 650 | 4 | _aTRABAJO | |
| 650 | 4 | _aMERCADO DE TRABAJO | |
| 650 | 4 | _aEMPLEO | |
| 650 | 4 | _aDESEMPLEO | |
| 650 | 4 | _aSALARIOS | |
| 700 | 1 | _aNickell, Stephen | |
| 700 | 1 | _aJackman, Richard | |
| 942 | _cBK | ||
| 998 | _cMARTIN | ||
| 999 |
_c9531 _d9531 |
||